Slovenské poľnohospodárstvo v krízových rokoch
Agropotravinárstvo Slovenskej republiky a prejavy krízy. Postavenie poľnohospodárstva a potravinárstva v národnom hospodárstve SR (2004-2009). Výkonnosť a produktivita poľnohospodárstva v krajinách EÚ v roku 2007. Zaostávanie krajín strednej a východnej Európy. Ceny poľnohospodárskych komodít na sve...
Salvato in:
| Autore principale: | |
|---|---|
| Altri autori: | |
| Natura: | Capitolo di libro |
| Lingua: | slovacco |
| Soggetti: | |
| Tags: |
Nessun Tag, puoi essere il primo ad aggiungerne!!
|
MARC
| LEADER | 00000naa$a2200000$$$4500 | ||
|---|---|---|---|
| 001 | 0143958 | ||
| 005 | 20240502072559.5 | ||
| 041 | 0 | |a slo | |
| 044 | |a SK | ||
| 245 | 1 | 0 | |a Slovenské poľnohospodárstvo v krízových rokoch |c Miroslav Grznár, Ľuboslav Szabo |
| 520 | |a Agropotravinárstvo Slovenskej republiky a prejavy krízy. Postavenie poľnohospodárstva a potravinárstva v národnom hospodárstve SR (2004-2009). Výkonnosť a produktivita poľnohospodárstva v krajinách EÚ v roku 2007. Zaostávanie krajín strednej a východnej Európy. Ceny poľnohospodárskych komodít na svetových trhoch. Prejavy krízového vývoja v poľnohospodárskych podnikoch. Manažment podnikov a riešenie krízových situácií. | ||
| 610 | 2 | 0 | |a poľnohospodárstvo |
| 610 | 2 | 0 | |a podnik poľnohospodársky |
| 610 | 2 | 0 | |a výroba poľnohospodárska |
| 610 | 2 | 0 | |a agropotravinárstvo |
| 610 | 2 | 0 | |a komodity |
| 610 | 2 | 0 | |a ceny |
| 610 | 2 | 0 | |a výkonnosť |
| 610 | 2 | 0 | |a produktivita |
| 610 | 2 | 0 | |a kríza hospodárska |
| 610 | 2 | 0 | |a Slovensko |
| 610 | 2 | 0 | |a Európska únia |
| 100 | 1 | |a Grznár, Miroslav | |
| 700 | 1 | |a Szabo, Ľuboslav | |